Vplyv finančnej gramotnosti na averziu voči riziku pri prijímaní finančných rozhodnutí v domácnostiach bakalárska práca

Saved in:
Bibliographic Details
Main Author: Ondruš, Oliver
Corporate Author: Národohospodárska fakulta EU. Katedra financií
Other Authors: Petrenko, Yuliya, 1985-
Format: Book
Language:Slovak
Published: Bratislava 2023
Tags: Add Tag
No Tags, Be the first to tag this record!

MARC

LEADER 00000nbm a2200000 4500
001 0294656
005 20231115120810.3
041 0 |a slo 
044 |a SK 
245 1 0 |a Vplyv finančnej gramotnosti na averziu voči riziku pri prijímaní finančných rozhodnutí v domácnostiach  |b bakalárska práca  |c Oliver Ondruš ; školiteľ: Yuliya Petrenko 
264 1 |a Bratislava  |c 2023 
300 |a 59 s. 
100 1 |a Ondruš, Oliver 
700 1 |a Petrenko, Yuliya, 1985- 
710 2 |a Národohospodárska fakulta EU. Katedra financií